000 00535nam a2200193Ia 4500
003 OSt
005 20260223121039.0
008 250729s2007 xx 000 0 und d
040 _cAL
041 _akan
082 _a020.2 KARS
100 _aಕರ್ನಾಟಕ ಸರ್ಕಾರ
_9229487
245 _aಸಮಾಜ ವಿಜ್ನಾನ-ಎಂಟನೇ ತರಗತಿ
260 _aಬೆಂಗಳೂರು
_c2007
300 _a234p
650 _aSociology
_9229488
700 _aRao Digumurthi
_9229489
942 _2ddc
_cBED
999 _c238348
_d238348